UNIMARC / Authorities : γενική διάταξη για καθιερωμένους τύπους, σύσταση της Ομάδας Καθοδήγησης για μια Διάταξη UNIMARC για καθιερωμένους τύπους της IFLA

Corporate συγγραφέας: Εθνική Βιβλιοθήκη της Ελλάδος.
Μορφή: Βιβλίο
Γλώσσα: Greek
Στοιχεία έκδοσης: Αθήνα : Εθνική Βιβλιοθήκη της Ελλάδος, 1996
Σειρά: Πρότυπα και Εγχειρίδια ; 2.
Ταξινομικός αριθμός: 025.322 2 ΕΘΝ
Θέματα:
Ετικέτες: Προσθήκη ετικέτας
Δεν υπάρχουν, Καταχωρήστε ετικέτα πρώτοι!
LEADER 01048nam a22002051 4500
001 1/24049
008 990217s2001 gr 001 0 gre d
020 |a 9607060083 
035 |l 25781 
040 |a GR-PeUP 
082 0 0 |a 025.322 2 ΕΘΝ 
110 2 |a Εθνική Βιβλιοθήκη της Ελλάδος. 
245 1 0 |a UNIMARC / Authorities :  |b γενική διάταξη για καθιερωμένους τύπους, σύσταση της Ομάδας Καθοδήγησης για μια Διάταξη UNIMARC για καθιερωμένους τύπους της IFLA 
260 |a Αθήνα :  |b Εθνική Βιβλιοθήκη της Ελλάδος,  |c 1996 
300 |a 126 σ. ;  |c 24 εκ. 
490 1 |a Πρότυπα και Εγχειρίδια ; 
500 |a Περιέχει βιβλιογραφία 
650 4 |a Unimarc(Σύστημα) 
830 0 |a Πρότυπα και Εγχειρίδια ;  |v 2. 
852 |a INST  |b UNIPILB  |c REF  |e 20041201  |h 025.322 2 ΕΘΝ  |p 00145510  |q 00145510  |t NOLOAN  |y 23  |4 1